La nueva guerra : cuento /
Αποθηκεύτηκε σε:
| Κύριος συγγραφέας: | |
|---|---|
| Μορφή: | Άγνωστο |
| Γλώσσα: | Spanish |
| Έκδοση: |
La Habana, Cuba :
Editorial Letras Cubanas,
c1989.
|
| Θέματα: | |
| Ετικέτες: |
Προσθήκη ετικέτας
Δεν υπάρχουν, Καταχωρήστε ετικέτα πρώτοι!
|
MARC
| LEADER | 000000000a22000000004500 | ||
|---|---|---|---|
| 001 | 001783 | ||
| 041 | 0 | |a spa | |
| 082 | 0 | 4 | |a Cu863.44 |b H532n |
| 100 | 1 | |a Heras León, Eduardo | |
| 245 | 1 | 3 | |a La nueva guerra : |b cuento / |c Eduardo Heras León. |
| 260 | 1 | |a La Habana, Cuba : |b Editorial Letras Cubanas, |c c1989. | |
| 300 | |a 397 páginas | ||
| 650 | 4 | |a LITERATURA CUBANA | |
| 650 | 4 | |a CUENTOS | |
| 999 | |c 8450 |d 8450 | ||
| 942 | |c BK |h Cu863.44 H532n |2 z | ||
